zpět

Detail výsledku týmu

Pivárna, Sloup

Datum a čas kvízu

24.5 Celkem bodů Celkový počet nahraných bodů na tomto kvízu bez doplňovacích otázek.
5. Pořadí na kvízu Konečné umístění týmu na tomto kvízu.

Zaznamenané odpovědi

# Otázka Odpověď Body Výsledky
1. Komu přišlo hodně troufalé, že... 0
2. Na výzkumné stanici na Antarkt... 1
3. Ve čtvrtek vstoupil do našich... 1
4. Rodící se největší pojišťovna... 1
5. Hřiště ve Wembley bylo při pon... 0
6. Pokud jste na titulní otázku o... 0
7. Herci Tobinu Bellovi přinesla... 1
5. Film Osvícení vznikl v roce 19... 1
5. Filmová série Resident Evil je... 1
10. Shaun je hospodský povaleč, co... 0